000 01505nam a2200397 i 4500
001 DIGDISANT0110
003 NyNyDIG
007 cr |||||||||||
008 240305s2018 sp ob 000 0 spa d
006 m o d
035 _a(OCoLC)1426283329
040 _aDGITA
_beng
_erda
_epn
_cDGITA
020 _a9788490521175
_q(libro electrónico)
020 _z9788490520789
_q(libro en papel)
050 1 4 _aHF5549.5.S38 ebook
100 1 _aBaguer Alcalá, Ángel,
_eauthor.
245 1 0 _aRitmo empresarial :
_bbaila en sintonía con el mercado /
_cÁngel Baguer, Laura Ilzarbe.
264 1 _a[Madrid, España] :
_bDíaz de Santos,
_c[2018]
300 _a1 online resource.
336 _atext
_btxt
_2rdacontent
337 _acomputer
_bc
_2rdamedia
338 _aonline resource
_bcr
_2rdacarrier
347 _atext file
_2rdaft
347 _bPDF
504 _aIncludes bibliographical references.
588 0 _aOnline resource; title from PDF title page (Digitalia, viewed March 5, 2024)
650 0 _aEmployee selection.
650 0 _aJob hunting.
700 1 _aIlzarbe Izquierdo, Laura,
_eauthor.
791 2 _aDigitalia (Firm),
_edistributor.
793 0 _gDigitalia eBook Collection:
_aDíaz de Santos
776 0 8 _iPrint version:
_aBaguer Alcalá, Ángel.
_tRitmo empresarial.
_d[Madrid, España] : Díaz de Santos, [2017]
_z9788490520789
856 4 0 _3Digitalia Hispánica
_uhttps://www.digitaliapublishing.com/a/136076/
910 _aPremium collection: 2024
942 _cRAA
999 _c283662
_d283662